000 00552nam a2200193Ia 4500
005 20250326144839.0
008 250326s9999 xx 000 0 und d
020 _a0-19-56844-3
037 _aTextbook
040 _aFMSL
_beng
_cFMSL
041 _aeng
_2eng
084 _aX:56.44 P6
_qFMSL
100 _aChakrabarti R Au.
_9750191
245 0 _aFicial sector in India : emerging issues
_cChakrabarti R Au.
260 _aNew Delhi
_bNew Delhi, Oxford
_c2006
300 _a236p
942 _cTB
_hX:56.44 P6
999 _c1305297
_d1305297